|
|
|
|
| LEADER |
00000cam a2200000 a 4500 |
| 001 |
vtls011595127 |
| 003 |
SK-MaSNL |
| 005 |
20260425233345.0 |
| 008 |
240313s2016 xo f ln 010 0 slo |
| 015 |
|
|
|a SNBA2017/04
|
| 020 |
|
|
|a 9788089374373
|q (viazané)
|
| 035 |
|
|
|a AAA273EA-FF0E-4CFE-B2D2-3DD146DEB2B4
|
| 035 |
|
|
|a urn:nbn:sk:snk-am3ib5u
|
| 035 |
|
|
|a urn:nbn:sk:snk-am00e0mk
|
| 040 |
|
|
|a SNK
|b slo
|c SNK
|e AACR2
|
| 041 |
0 |
|
|a slo
|
| 043 |
|
|
|a e-xo---
|
| 044 |
|
|
|a xo
|c SK
|
| 072 |
|
7 |
|a 347
|x Súkromné právo
|2 konspekt
|
| 080 |
|
|
|a 347
|2 2011
|
| 080 |
|
|
|a 347.65/.68
|2 2011
|
| 080 |
|
|
|a (437.6)
|2 2011
|
| 080 |
|
|
|a (048.8)
|2 2011
|
| 100 |
1 |
|
|a Kupka, Ladislav
|4 aut
|9 285918
|
| 245 |
1 |
0 |
|a Dedičské právo hmotné II
|c Ladislav Kupka
|
| 260 |
|
|
|a Bratislava
|b Eurounion
|c 2016
|
| 300 |
|
|
|a 400 s.
|c 22 cm
|
| 504 |
|
|
|a Bibliogr. odkazy
|
| 650 |
0 |
7 |
|a súkromné právo
|2 SNKPH
|9 2244
|
| 650 |
0 |
7 |
|a dedičské právo
|2 SNKPH
|9 1308
|
| 650 |
0 |
7 |
|a Privat law
|2 SNKPHeng
|9 336131
|
| 650 |
0 |
7 |
|a Law of succession
|2 SNKPHeng
|9 336546
|
| 651 |
|
7 |
|a Slovensko
|2 SNKPH
|9 14231
|
| 651 |
|
7 |
|a Slovakia
|2 SNKPHeng
|9 92630
|
| 655 |
|
7 |
|a monografie
|2 SNKPH
|9 70139
|
| 655 |
|
7 |
|a Monographs
|2 SNKPHeng
|9 120675
|
| 852 |
|
|
|a Štátna vedecká knižnica v Banskej Bystrici
|
| 919 |
|
|
|a 978-80-89374-37-3
|
| 958 |
|
|
|a TL
|
| 958 |
|
|
|a NB
|
| 958 |
|
|
|a SK
|
| 999 |
|
|
|c 763555
|d 765485
|
| 952 |
|
|
|a SNK
|b SNK
|y PREZ
|7 0
|p 17A1254854
|o snkSC 173727
|i snk2017/6628
|8 0
|0 0
|1 0
|4 0
|d 2017-03-10
|f 1
|l 0
|r 2025-09-11 00:00:00
|w 2026-02-24
|
| 952 |
|
|
|a SNK
|b SNK
|y VYP
|7 0
|p 17A1254855
|o snkSC 173727 D1
|i snk2017/6629
|8 0
|0 0
|1 0
|4 0
|d 2017-03-10
|l 0
|r 2026-02-24 00:11:30
|w 2026-02-24
|